Znalosti ako neoddeliteľná súčasť znalostného manažmentu

Charakteristika znalostí. Rozsah znalostí. Vzťah rozsahu a typu znalostí vzhľadom ku stupňu riadenia znalostí.. Metódy identifikácie potrieb znalostí.

Enregistré dans:
Détails bibliographiques
Auteur principal: Hrubizna, Marián
Format: Chapitre de livre
Langue:slovaque
Sujets:
Tags: Ajouter un tag
Pas de tags, Soyez le premier à ajouter un tag!

MARC

LEADER 00000naa$a2200000$$$4500
001 0113680
005 20220905111151.7
041 0 |a slo 
044 |a SK 
245 1 0 |a Znalosti ako neoddeliteľná súčasť znalostného manažmentu  |c Marián Hrubizna 
520 |a Charakteristika znalostí. Rozsah znalostí. Vzťah rozsahu a typu znalostí vzhľadom ku stupňu riadenia znalostí.. Metódy identifikácie potrieb znalostí. 
610 2 0 |a riadenie znalostí 
610 2 0 |a manažment znalostný 
610 2 0 |a kapitál ľudský 
610 2 0 |a inovácia 
610 2 0 |a výkonnosť 
610 2 0 |a manažéri 
610 2 0 |a informácie 
100 1 |a Hrubizna, Marián